Las exposiciones nacionales de Costa Rica 1917-1918 /
El presente artículo reseña el contexto y trasfondo de las exposiciones nacionales entre 1917 y 1918, haciendo referencia a lo que es el trabajo, educación y raza blanca.
שמור ב:
| מחבר ראשי: | |
|---|---|
| פורמט: | Texto |
| נושאים: | |
| תגים: |
הוספת תג
אין תגיות, היה/י הראשונ/ה לתייג את הרשומה!
|
MARC
| LEADER | 00000 a a2200000 04500 | ||
|---|---|---|---|
| 001 | 45708 | ||
| 003 | |||
| 040 | |a CRAI/IIS |c CRAI/IIS | ||
| 100 | |a Urbina Gaitán, Chester | ||
| 245 | |a Las exposiciones nacionales de Costa Rica 1917-1918 / |c Chester Urbina Gaitán | ||
| 520 | |a El presente artículo reseña el contexto y trasfondo de las exposiciones nacionales entre 1917 y 1918, haciendo referencia a lo que es el trabajo, educación y raza blanca. | ||
| 590 | |a AMB/MAYO2014 | ||
| 650 | |a ESTADO | ||
| 650 | |a EDUCACION | ||
| 650 | |a IDENTIDAD SOCIAL (CIDCACS) | ||
| 650 | |a EXPOSICIONES | ||
| 650 | |a COSTA RICA | ||
| 773 | |g número140 (2013), páginas 153-161 : ilustraciones | ||
| 999 | |c 18398 |d 18398 | ||
| 773 | 0 | |0 18728 |9 3008 |a Universidad de Costa Rica |d San José, Costa Rica Editorial UCR 1956- |o 15467 |t Revista de Ciencias Sociales/ |x 04825276 | |
